[Event "TOP 16 Poule Haute"]
[Site "Le Port Marly FRA"]
[Date "2009.05.31"]
[Round "11"]
[White "Meier,Geo"]
[Black "Wirig,A"]
[Result "1-0"]
[WhiteElo "2641"]
[BlackElo "2472"]

1.e4 c5 2.Nf3 Nc6 3.Bb5 d6 4.Bxc6+ bxc6 5.O-O e5 6.c3 Bg4 7.h3 Bxf3 8.Qxf3 Nf6
9.d3 Be7 10.Na3 O-O 11.Nc4 Re8 12.Bg5 Nd7 13.Nxd6 f6 14.Nxe8 fxg5 15.Nxg7 Kxg7
16.Qg4 Nf8 17.h4 Qc8 18.Qxc8 Rxc8 19.hxg5 Bxg5 20.Rab1 Rd8 21.Rfd1 Be7 22.g3 Ne6
23.Kf1 h5 24.Ke2 h4 25.Rh1 hxg3 26.fxg3 Ng5 27.b3 Rf8 28.Rbf1 Rxf1 29.Rxf1 a5
30.Rf5 Nf7 31.d4 cxd4 32.cxd4 exd4 33.Rxa5 c5 34.a4 Ne5 35.Ra7 Kf8 36.a5 Nc6
37.Ra8+ Kf7 38.a6 Ke6 39.a7  1-0

[Event "TOP 16 Poule Basse"]
[Site "Le Port Marly FRA"]
[Date "2009.05.31"]
[Round "11"]
[White "Svetushkin,D"]
[Black "Nataf,IA"]
[Result "1/2-1/2"]
[WhiteElo "2615"]
[BlackElo "2533"]

1.e4 c5 2.Nf3 Nc6 3.Bb5 e6 4.Bxc6 bxc6 5.d3 Ne7 6.Qe2 d5 7.h4 f6 8.e5 Nf5
9.c3 fxe5 10.Nxe5 Bd6 11.g3 O-O 12.Nd2 Bxe5 13.Qxe5 Nh6  1/2-1/2

[Event "Copper State Int"]
[Site "Mesa USA"]
[Date "2009.06.01"]
[Round "7"]
[White "Yermolinsky,A"]
[Black "Ramirez,Alej"]
[Result "1/2-1/2"]
[WhiteElo "2522"]
[BlackElo "2563"]

1.Nf3 c5 2.e4 Nc6 3.Bb5 e6 4.O-O Nge7 5.c3 a6 6.Be2 d5 7.exd5 Nxd5 8.d4 Be7
9.dxc5 Bxc5 10.c4 Nf6 11.Qxd8+ Kxd8 12.Nc3 Ke7 13.Bf4 Ba7 14.Rfd1 Rd8 15.Rxd8 Kxd8
16.Rd1+ Ke8 17.Ne5 Nxe5 18.Bxe5 Bb8 19.Bd4 Bd7 20.Bf3 Bc6 21.Bxc6+ bxc6 22.Kf1 Bc7
23.h3 Rd8 24.Bxf6 Rxd1+ 25.Nxd1 gxf6 26.g4 Ke7 27.Ke2 Kd6 28.b4 Ke5 29.Ke3 f5
30.f4+ Kf6 31.Nf2 e5 32.fxe5+ Bxe5 33.a4 Bd6 34.b5 cxb5 35.cxb5 axb5 36.axb5 fxg4
37.hxg4 Bc5+ 38.Kf3 Bxf2 39.Kxf2 Ke5 40.Ke3 Kd5 41.Kf4 Kc5 42.Kg5 Kxb5 43.Kf6 Kc5
44.Kxf7 Kd5 45.Kg7 Ke5 46.Kxh7 Kf4  1/2-1/2

[Event "XXXI Nezhmetdinov Mem"]
[Site "Kazan RUS"]
[Date "2009.06.02"]
[Round "3"]
[White "Mokshanov,A"]
[Black "Talov,N"]
[Result "1/2-1/2"]
[WhiteElo "2207"]
[BlackElo "2089"]

1.e4 c5 2.Nf3 Nc6 3.Bb5 d6 4.Bxc6+ bxc6 5.O-O Bg4 6.d3 g6 7.Nbd2 Bg7 8.h3 Bxf3
9.Nxf3 e5 10.c3 Ne7 11.Be3 Rb8 12.Qc2 O-O 13.b3 f5 14.Rfd1 f4 15.Bc1 d5 16.d4 exd4
17.cxd4 cxd4 18.Bb2 dxe4 19.Bxd4 Bxd4 20.Rxd4 Nd5 21.Rxe4 Qf6 22.Rae1 Qc3
23.Qxc3 Nxc3 24.Re7 Rf7 25.Rxf7 Kxf7 26.Ne5+ Kg7 27.Nxc6 Rb6 28.Nd4 Nxa2
29.Re7+ Kh6 30.h4 g5 31.hxg5+ Kxg5 32.Rg7+ Kf6 33.Rxa7 Nc1 34.Rxh7 Rb4 35.Nf3 Nxb3
36.Kh2 Nd4 37.Nxd4 Rxd4 38.Rh5 Rd2 39.f3 Rd8 40.Ra5 Rh8+ 41.Kg1  1/2-1/2

[Event "XXXI Nezhmetdinov Mem"]
[Site "Kazan RUS"]
[Date "2009.06.02"]
[Round "3"]
[White "Makhmutov,R"]
[Black "Balashov,Y"]
[Result "1/2-1/2"]
[WhiteElo "1906"]
[BlackElo "2401"]

1.e4 c5 2.Nf3 Nc6 3.Bb5 d6 4.O-O Bg4 5.c3 a6 6.Bxc6+ bxc6 7.d4 cxd4 8.cxd4 Nf6
9.Nc3 Nd7 10.h3 Bh5 11.g4 Bg6 12.d5 c5 13.Bf4 h5 14.e5 hxg4 15.hxg4 dxe5
16.Nxe5 Nxe5 17.Bxe5 e6 18.dxe6 fxe6 19.Qf3 Ra7 20.Rad1 Qa8 21.Qxa8+ Rxa8
22.Kg2 Be7 23.f3 O-O 24.Rd7 Bf6 25.Re1 c4 26.Bxf6 Rxf6 27.Ne4 Bxe4 28.Rxe4 Rc8
29.Re3 Rc6 30.Rd4 Rf8 31.Rc3 Rb6 32.Rd2 Rfb8 33.Rcc2 Kf7 34.Kf2 Ke7 35.Ke3 g5
36.Kd4  1/2-1/2

[Event "XXXI Nezhmetdinov Mem"]
[Site "Kazan RUS"]
[Date "2009.06.03"]
[Round "4"]
[White "Isajevsky,A"]
[Black "Kupreichik,V"]
[Result "1/2-1/2"]
[WhiteElo "2417"]
[BlackElo "2453"]

1.e4 c5 2.Nf3 Nc6 3.Bb5 d6 4.c3 Nf6 5.Qe2 Bd7 6.d4 cxd4 7.cxd4 a6 8.Ba4 e5
9.dxe5 dxe5 10.O-O b5 11.Bb3 Bc5 12.Be3 Bxe3 13.Qxe3 O-O 14.Rd1 Qc7 15.h3 Qa7
16.Nc3  1/2-1/2

[Event "59th ch-RUS w HL"]
[Site "Voronezh RUS"]
[Date "2009.06.03"]
[Round "3"]
[White "Stepovaia Dianchenko,T"]
[Black "Savina,A"]
[Result "1-0"]
[WhiteElo "2365"]
[BlackElo "2258"]

1.e4 c5 2.Nf3 Nc6 3.Bb5 d6 4.d4 cxd4 5.Qxd4 Bd7 6.Bxc6 Bxc6 7.Nc3 Nf6 8.Bg5 e6
9.O-O-O Be7 10.Qd3 h6 11.Bh4 O-O 12.Nd4 a6 13.Rhg1 Qc7 14.Nxc6 bxc6 15.f4 Rfd8
16.g4 Nxe4 17.Bxe7 Nc5 18.Qf3 Qxe7 19.g5 hxg5 20.Rxg5 e5 21.Rdg1 Ne6 22.R5g2 exf4
23.Qxc6 Qa7 24.Qe4 Rab8 25.Nd5 Qb7 26.b3 Kf8 27.c4 Rdc8 28.Kb1 Kg8 29.Qd3 a5
30.Nxf4  1-0

[Event "XXXI Nezhmetdinov Mem"]
[Site "Kazan RUS"]
[Date "2009.06.05"]
[Round "6"]
[White "Bushkov,A"]
[Black "Beliaev,Va"]
[Result "1/2-1/2"]
[WhiteElo "2293"]
[BlackElo "2049"]

1.e4 c5 2.Nf3 Nc6 3.Bb5 e6 4.Bxc6 bxc6 5.d3 Qc7 6.O-O Ne7 7.Ng5 h6 8.Nh3 e5
9.f4 d5 10.Qf3 Bxh3 11.Qxh3 exf4 12.Bxf4 Qb6 13.exd5 cxd5 14.Nd2 Qe6 15.Qf3 O-O-O
16.c4 Qc6 17.Rfe1 Ng6 18.Bg3 Qf6  1/2-1/2

[Event "12th IHEM"]
[Site "Hamburg GER"]
[Date "2009.06.06"]
[Round "8"]
[White "Rausis,I"]
[Black "Rogozenco,D"]
[Result "1/2-1/2"]
[WhiteElo "2492"]
[BlackElo "2546"]

1.Nf3 c5 2.e4 Nc6 3.Bb5 g6 4.Bxc6 dxc6 5.d3 Bg7 6.Nc3 Bg4 7.h3 Bxf3 8.Qxf3 Nf6
9.O-O Nd7 10.Be3 e5 11.a4 Qe7 12.a5 Nf8 13.Ra4 Ne6 14.Rb1  1/2-1/2

[Event "XXXI Nezhmetdinov Mem"]
[Site "Kazan RUS"]
[Date "2009.06.06"]
[Round "7"]
[White "Ambartsumova,K"]
[Black "Sidorov,A"]
[Result "1-0"]
[WhiteElo "2248"]
[BlackElo "2404"]

1.e4 c5 2.Nf3 Nc6 3.Bb5 g6 4.O-O Bg7 5.Re1 Nf6 6.e5 Nd5 7.Nc3 Nc7 8.Bxc6 dxc6
9.Ne4 Ne6 10.d3 O-O 11.Be3 b6 12.Qd2 a5 13.a4 Ra7 14.Bh6 Nd4 15.Nxd4 cxd4
16.Bxg7 Kxg7 17.Ng3 f5 18.exf6+ exf6 19.Qf4 c5 20.Re2 Qc7 21.Qxc7+ Rxc7 22.Ne4 Rc6
23.b3 Re8 24.Kf1 Bg4 25.Ree1 Kf7 26.Nd2 Be6 27.Re2 Rb8 28.Nc4 Bg4 29.Ree1 g5
30.Re4 Bf5 31.Re2 Bg4 32.Re4 Bf5 33.Re2 Re8 34.Rae1 Ree6 35.f3 h5 36.Kf2 Rxe2+
37.Rxe2 Be6 38.Re1 Kg6 39.Re4 Kf5 40.g3 Kg6 41.Re1 Kf7 42.Re2 g4 43.f4 Kg6
44.Re1 Kf5 45.Ke2 h4 46.Kd2 Bxc4 47.bxc4 Rc8 48.Rb1 Rh8 49.Rg1 Re8 50.Re1 hxg3
51.hxg3 Rh8 52.Rg1 Rh2+ 53.Kd1 Rf2 54.Kc1 Rf3 55.Kd2 Re3 56.Rg2 Kg6 57.Rg1 Kf7
58.Rg2 Rf3 59.Ke2 Ke7 60.Rg1 Kd7 61.Rg2 Kc7 62.Rg1 b5 63.cxb5 Kb6 64.Kd2 c4
65.dxc4 Rc3 66.Re1 Rxc4 67.Re6+ Kb7 68.Rxf6 Rxa4 69.Rg6 Ra3 70.Rxg4 Rf3 71.Ke2 Re3+
72.Kd2 Rf3 73.Rg6 a4 74.Kc1 a3 75.Kb1 Rf2 76.Rd6 Rf3 77.Rxd4 Rxg3 78.Rd3 Rg1+
79.Ka2 Rf1 80.Kxa3 Rxf4 81.Rd6 Rf1  1-0

[Event "OKU"]
[Site "Utrecht NED"]
[Date "2009.06.06"]
[Round "4"]
[White "Berelowitsch,A"]
[Black "Kuipers,S"]
[Result "1/2-1/2"]
[WhiteElo "2581"]
[BlackElo "2343"]

1.e4 c5 2.Nf3 Nc6 3.Bb5 g6 4.O-O Bg7 5.Re1 e5 6.d3 Nge7 7.Nc3 O-O 8.Bc4 d6
9.Nd5 h6 10.a3 Kh7 11.b4 Nxd5 12.exd5 Nd4 13.Bd2 cxb4 14.Nxd4 exd4 15.axb4 a6
16.Qb1 b6 17.Qd1 Bb7 18.Qf3 b5 19.Bb3 Qf6 20.Qg3 Rfe8  1/2-1/2

[Event "XXXI Nezhmetdinov Mem"]
[Site "Kazan RUS"]
[Date "2009.06.07"]
[Round "8"]
[White "Bushkov,A"]
[Black "Tkachuk,A"]
[Result "1-0"]
[WhiteElo "2293"]
[BlackElo "2125"]

1.e4 c5 2.Nf3 Nc6 3.Bb5 d6 4.Bxc6+ bxc6 5.O-O e5 6.c3 f5 7.d3 Nf6 8.Re1 Be7
9.Nbd2 O-O 10.h3 Qe8 11.exf5 Bxf5 12.d4 cxd4 13.cxd4 e4 14.Nh4 Be6 15.Nxe4 Nxe4
16.Rxe4 Bd5 17.Re1 Qf7 18.Nf3 Bxf3 19.Qxf3 Qxf3 20.gxf3 Rae8 21.Kg2 Bd8 22.Rxe8 Rxe8
23.Be3 Bb6 24.Rc1 Rc8 25.d5 c5 26.Bf4 Rd8 27.Re1 Kf7 28.Re6 Bc7 29.b3 a5
30.Kf1 h6 31.Ke2 a4 32.bxa4 Rb8 33.Bxd6 Rb2+ 34.Ke3 Bxd6 35.Rxd6 Rxa2 36.Rc6 Rxa4
37.Rxc5 Rh4 38.f4 g5 39.fxg5 hxg5 40.f3 Rxh3 41.Ke4 Ke7 42.Rc6 Rh4+ 43.Ke5 Rf4
44.Rc3 Kd7 45.Ra3 Rh4 46.Ra7+ Kd8 47.Ke6 Rh6+ 48.Kf5 Rh3 49.Kg4 Rh4+ 50.Kxg5 Rd4
51.Ra5 Kc7 52.f4 Kd6 53.f5 Ke5 54.Ra1 Rxd5 55.Re1+ Kd6 56.Kg6 Rd2 57.f6 Rg2+
58.Kf7 Kd7 59.Rd1+ Kc6 60.Kf8 Re2 61.f7 Rg2 62.Rd4  1-0

[Event "XXXI Nezhmetdinov Mem"]
[Site "Kazan RUS"]
[Date "2009.06.07"]
[Round "8"]
[White "Sabaev,E"]
[Black "Gabdrakhmanov,R"]
[Result "1/2-1/2"]
[WhiteElo "2272"]
[BlackElo "2365"]

1.e4 c5 2.Nf3 Nc6 3.Bb5 g6 4.Bxc6 bxc6 5.O-O Bg7 6.Re1 f6 7.c3 Nh6 8.d4 cxd4
9.cxd4 Nf7 10.Nc3 O-O 11.Be3 d6 12.Nd2 f5 13.exf5 gxf5 14.f3 Rb8 15.Qc2 f4
16.Bf2 Bd7 17.Rad1 Nh6 18.Nf1 Nf5 19.b3 Qa5 20.Re4 Bh6 21.g4 fxg3 22.hxg3 Rf7
23.Rde1 Re8 24.Ne2 Ng7 25.Rh4 Rf6 26.Rd1 Qd5 27.Qe4 Qxe4 28.fxe4 Bg5 29.Rh2 Bg4
30.Re1 Ref8 31.Nc3 Rf3 32.Ne3 Bd7 33.Nb1 h5 34.Nd2 R3f7 35.Ndc4 Kh7 36.Nf1 Bg4
37.Be3 Ne6 38.d5 cxd5 39.exd5 Bxe3+ 40.Nfxe3 Ng5 41.Nd2 Nh3+ 42.Kh1 Nf2+
43.Kg1 Nd3 44.Rf1 Rxf1+ 45.Ndxf1 Kg6 46.Nxg4 hxg4 47.Re2 Ne5 48.Nd2 Rc8 49.Re4 Rc1+
50.Kf2 Rc2 51.Ke3 Rc3+ 52.Kf2 Rc2 53.Ke3 Rxa2 54.Nc4 Nxc4+ 55.bxc4 Kf6 56.Rxg4 a5
57.Rf4+ Kg6 58.g4 Rb2 59.Kd4 Rb8 60.Rf3 Kg5 61.Ra3 Ra8 62.c5 dxc5+ 63.Kxc5 Kxg4
64.Re3 Ra7 65.Kb6 Kf4 66.Re1 Rd7 67.Kc6 Ra7 68.Kb6 Rd7 69.Kc6 Ra7  1/2-1/2

[Event "XLIV Capablanca Memorial Open"]
[Site "Havana CUB"]
[Date "2009.06.08"]
[Round "1"]
[White "Borges Feria,Y"]
[Black "Fleitas,W"]
[Result "1/2-1/2"]
[WhiteElo "2400"]
[BlackElo "2067"]

1.e4 c5 2.Nf3 Nc6 3.Bb5 e6 4.O-O Nge7 5.c3 Qb6 6.Ba4 d5 7.exd5 Nxd5 8.d4 cxd4
9.Nxd4 Bd7 10.Nd2 Rd8 11.Nc4 Qc7 12.Nxc6 Bxc6 13.Bxc6+ bxc6 14.Qg4 Nf6 15.Qf3 Bd6
16.Nxd6+ Qxd6 17.Be3 Qc7 18.Bf4 Qb6 19.Bg5 Rd5 20.Bxf6 gxf6 21.Qxf6 Rg8 22.Rfe1 Rg6
23.Qh8+ Ke7 24.Rad1 Rf6 25.Kh1 Qxf2 26.Rc1 Rg6 27.Rg1 Rh6 28.Qb8 Rd8 29.Qb4+ c5
30.Qg4 Qh4 31.Qxh4+ Rxh4 32.Rc2 Re4 33.g3 f5 34.Kg2 Rd3 35.Rf1 Kf6 36.Rf3 Rd6
37.Rf4 Ke5 38.Rxe4+ Kxe4 39.Re2+ Kd3 40.Kf2 Ra6 41.a3 c4 42.Ke1 Rb6 43.Rd2+ Ke3
44.Re2+ Kd3 45.Rd2+ Ke3 46.Re2+  1/2-1/2

[Event "ch-UZB"]
[Site "Tashkent UZB"]
[Date "2009.06.08"]
[Round "10"]
[White "Kayumov,S"]
[Black "Holmirzaev,B"]
[Result "0-1"]
[WhiteElo "2450"]
[BlackElo "2265"]

1.e4 c5 2.Nf3 Nc6 3.Bb5 Nf6 4.e5 Ng4 5.Bxc6 dxc6 6.h3 Nh6 7.d3 Nf5 8.Nc3 Nd4
9.O-O Bf5 10.Be3 Qd7 11.Bxd4 cxd4 12.Ne2 c5 13.Ng3 Be6 14.Ne4 Qc6 15.b4 b6
16.Nfg5 Bd5 17.e6 f5 18.b5 Qb7 19.Nf7 Rg8 20.Neg5 h6 21.Nf3 Bxe6 22.N7e5 g5
23.Nc6 g4 24.Nfe5 Bg7 25.hxg4 Bxe5 26.Re1 Bd5 27.Rxe5 Bxc6 28.bxc6 Qxc6 29.Rxf5 Rg6
30.a4 Rd8 31.Re5 Rd5 32.Qf3 Rxe5 33.Qg3 Qe6 34.f3 h5 35.a5 hxg4 36.axb6 gxf3
37.Qxf3 Re1+  0-1

[Event "Maia Chiburdanidze Cup"]
[Site "Tbilisi GEO"]
[Date "2009.06.08"]
[Round "4"]
[White "Andriasian,S"]
[Black "Muzychuk,A"]
[Result "0-1"]
[WhiteElo "2235"]
[BlackElo "2533"]

1.e4 c5 2.Nf3 Nc6 3.Bb5 Nf6 4.Nc3 Qc7 5.O-O Nd4 6.Bd3 Ng4 7.g3 Nxf3+ 8.Qxf3 Ne5
9.Qe3 Nxd3 10.Qxd3 e6 11.Qe2 Be7 12.d3 O-O 13.a4 b6 14.Bf4 Qc6 15.f3 Bb7
16.b3 a6 17.Kg2 f5 18.Rae1 Rae8 19.Bc1 Bf6 20.e5 Bd8 21.h4 d5 22.Qf2 b5 23.axb5 axb5
24.Ne2 b4 25.Be3 d4 26.Bd2 Bc7 27.Nf4 Ra8 28.Kh3 Ra2 29.Bc1 Qe8 30.Ng2 h6
31.Qd2 Bd5 32.Qd1 g5 33.Bd2 Bxf3 34.Qb1 Qa8 35.Rxf3 g4+ 36.Kh2 gxf3 37.Nf4 Kf7
38.h5 f2 39.Rf1 Bxe5 40.Ng6 Bd6 41.Qd1 Rg8 42.Rxf2 Ra1 43.Bc1 Be7 44.Nxe7 Kxe7
45.Rf1 Kd7 46.Qe2 Qd5 47.Bxh6 Rxf1 48.Qxf1 f4 49.Qxf4 Qxh5+ 50.Kg2 Qd5+ 51.Kg1 Qf5
52.Qxf5 exf5 53.Kf2 Rh8 54.Bd2 Rh2+ 55.Ke1 Rg2  0-1

[Event "1st SCS GM Open"]
[Site "Bhubaneswar IND"]
[Date "2009.06.09"]
[Round "4"]
[White "Mishra,So"]
[Black "Zinchenko,Ya"]
[Result "0-1"]
[WhiteElo "2323"]
[BlackElo "2531"]

1.e4 c5 2.Nf3 Nc6 3.Bb5 e6 4.O-O Nge7 5.b3 a6 6.Bxc6 Nxc6 7.Bb2 d6 8.d4 cxd4
9.Nxd4 Bd7 10.c4 Be7 11.Re1 O-O 12.Nc3 Bf6 13.Nxc6 Bxc6 14.a4 Be5 15.Qd2 Qb6
16.Qc2 f5 17.a5 Qd8 18.exf5 Qh4 19.Rxe5 dxe5 20.fxe6 Rae8 21.Nd5 Rxe6 22.Re1 Rd8
23.g3 Qh5 24.Qe4 Bxd5 25.cxd5 Red6 26.Bxe5 Rxd5 27.Kg2 Qf7 28.Re2 Rxa5 29.Qg4 Qd7
30.Qg5 h6 31.Qg6 Rf8 32.Bc3 Rg5 33.Qb6 Rb5 34.Qg6 Rxb3 35.Rd2 Qf7  0-1

[Event "XLIV Capablanca Memorial Open"]
[Site "Havana CUB"]
[Date "2009.06.09"]
[Round "2"]
[White "Jimenez,P"]
[Black "Martinez,Lel"]
[Result "0-1"]
[WhiteElo "2383"]
[BlackElo "2520"]

1.e4 c5 2.Nf3 Nc6 3.Bb5 g6 4.Bxc6 dxc6 5.h3 Bg7 6.d3 Nf6 7.Nc3 O-O 8.Be3 b6
9.Qd2 e5 10.O-O Nh5 11.a3 f5 12.exf5 Bxf5 13.Bh6 Qd7 14.Bxg7 Qxg7 15.Qe3 Rae8
16.Rae1 Nf4 17.h4 Qf6 18.Ne4 Qe7 19.Ng3 Bg4 20.Nxe5 Qxh4 21.d4 cxd4 22.Qxd4 Be2
23.Qc3 Bxf1 24.Kxf1 Qh2 25.Qxc6 Re6 26.Qb7 Nh3  0-1

[Event "XLIV Capablanca Memorial Open"]
[Site "Havana CUB"]
[Date "2009.06.10"]
[Round "3"]
[White "Arribas Robaina,M"]
[Black "Aguero,L"]
[Result "1/2-1/2"]
[WhiteElo "2336"]
[BlackElo "2400"]

1.e4 c5 2.Nf3 Nc6 3.Bb5 e6 4.O-O Nge7 5.c3 a6 6.Ba4 b5 7.Bc2 c4 8.a4 Rb8
9.axb5 axb5 10.d4 cxd3 11.Bxd3 b4 12.Bf4 d6 13.c4 Ng6 14.Be3 Be7 15.Nbd2 O-O
16.Nb3 e5 17.h3 Be6 18.Ra6 Qc8 19.Ra4 Qd7 20.Ra6 Ra8 21.Rxa8 Rxa8 22.Qd2 f6
23.Rd1 Qb7 24.Qc2 Bf8 25.Be2 Qc7 26.Ra1 Rxa1+ 27.Nxa1 Nge7 28.b3 g5 29.Qd2 Ng6
30.Nc2 Qb7 31.Nh2 Nf4 32.Bg4 Bf7 33.g3 Ne6 34.h4 gxh4 35.gxh4 Nc5 36.Bxc5 dxc5
37.Qd3 h5 38.Bd1 Nd4 39.Ne3 Bg6 40.Nd5 Qg7 41.Kf1 f5 42.Qg3 f4 43.Qg5 Ne6
44.Qg2 Kf7 45.Ke1 Qh7  1/2-1/2

[Event "XLIV Capablanca Memorial Open"]
[Site "Havana CUB"]
[Date "2009.06.10"]
[Round "3"]
[White "Larduet Despaigne,C"]
[Black "Ubaldo Suarez,M"]
[Result "1-0"]
[WhiteElo "2326"]
[BlackElo "2093"]

1.e4 c5 2.Nf3 Nc6 3.Bb5 Qc7 4.c3 a6 5.Ba4 b5 6.Bc2 Nf6 7.O-O d5 8.d3 Bg4
9.h3 Bh5 10.a4 Rd8 11.axb5 axb5 12.Qe2 d4 13.g4 Bg6 14.cxd4 cxd4 15.Na3 Rb8
16.Nh4 Nd7 17.f4 f6 18.Bd2 Bf7 19.Rfc1 e6 20.Bd1 Be7 21.Qf3 Bxa3 22.Rxa3 Qb7
23.e5 Nd8 24.exf6 Qxf3 25.Nxf3 gxf6 26.Nxd4 O-O 27.Bf3 e5 28.Nf5 exf4 29.Bxf4 Ne5
30.Be4 Ne6 31.Be3 Kh8 32.Ra6 Rfc8 33.Rxc8+ Rxc8 34.Nd6 Nc5 35.Ra7 Nxe4 36.Nxc8 Nf3+
37.Kf1 Neg5 38.Bxg5 Nxg5 39.h4  1-0

[Event "XLIV Capablanca Memorial Open"]
[Site "Havana CUB"]
[Date "2009.06.10"]
[Round "3"]
[White "Estrada Nieto,J"]
[Black "Trujillo Villega,P"]
[Result "1/2-1/2"]
[WhiteElo "2344"]
[BlackElo "2209"]

1.e4 c5 2.Nf3 Nc6 3.Bb5 g6 4.O-O Bg7 5.c3 Nf6 6.Re1 O-O 7.e5 Nd5 8.d4 cxd4
9.cxd4 d6 10.Nc3 Nxc3 11.bxc3 a6 12.Bxc6 bxc6 13.exd6 exd6 14.Bg5 Bf6 15.Bh6 Bg7
16.Bxg7 Kxg7 17.h3 Be6 18.Qd2 Rb8 19.Qd3 Qa5 20.c4 Rfe8 21.Re3 Bf5 22.Qe2 Qc3
23.Rxe8 Qxa1+ 24.Kh2 Rxe8 25.Qxe8 Qxa2 26.Qxc6 Bd3 27.Qxd6 Bxc4 28.Ne5 Be6
29.Nd3 Qd5 30.Qb6 Qe4 31.Ne5 Qf4+ 32.Kg1 Qc1+  1/2-1/2

[Event "TCh-BUL"]
[Site "Sunny Beach BUL"]
[Date "2009.06.11"]
[Round "4"]
[White "Janev,E"]
[Black "Petrov,Marij"]
[Result "0-1"]
[WhiteElo "2458"]
[BlackElo "2487"]

1.e4 c5 2.Nf3 Nc6 3.Bb5 Nf6 4.e5 Nd5 5.O-O g6 6.Nc3 Nc7 7.Bxc6 dxc6 8.Ne4 Qd5
9.d3 Bg4 10.c4 Qd8 11.Nxc5 b6 12.Ne4 Bg7 13.h3 Bxf3 14.Qxf3 Bxe5 15.Bh6 Qd7
16.d4 Bxd4 17.Rad1 Ne6 18.Rfe1 O-O-O 19.Qxf7 Rhe8 20.b4 Nc7 21.Qxh7 Rh8 22.Qxg6 Rdg8
23.Qh5 Ne6 24.Kf1 Rxg2 25.Qf3 Rh2 26.Kg1 Qc7 27.Rxd4 Rxh6 28.Nd6+ exd6 29.Kxh2 d5+
30.Kh1 Nxd4 31.Qf8+ Kb7 32.Re7 Rxh3+ 33.Kg1 Ne6 34.cxd5  0-1

[Event "XLIV Capablanca Memorial Open"]
[Site "Havana CUB"]
[Date "2009.06.12"]
[Round "5"]
[White "Cruz de la Osa,R"]
[Black "Fleitas,W"]
[Result "1/2-1/2"]
[WhiteElo "2228"]
[BlackElo "2067"]

1.e4 c5 2.Nf3 Nc6 3.Bb5 d6 4.O-O Bd7 5.h3 g6 6.Re1 Nd4 7.Nxd4 cxd4 8.Bc4 Bg7
9.d3 Nf6 10.Bb3 O-O 11.c3 dxc3 12.Nxc3 Be6 13.d4 Bxb3 14.Qxb3 Nd7 15.Be3 Qb6
16.Qc2 Rfc8 17.Qd2 Qa5 18.Rac1 Nb6 19.b3 Qb4 20.Ne2 Qxd2 21.Bxd2 Rxc1 22.Rxc1 Rc8  1/2-1/2

[Event "13th FIDE Open"]
[Site "Voronezh RUS"]
[Date "2009.06.12"]
[Round "1"]
[White "Polyansky,V"]
[Black "Petrova,O"]
[Result "0-1"]
[WhiteElo "2027"]
[BlackElo "2285"]

1.e4 c5 2.Nf3 Nc6 3.Bb5 g6 4.O-O Bg7 5.d3 Nf6 6.Bxc6 bxc6 7.Be3 d6 8.h3 O-O
9.Nbd2 Rb8 10.Nc4 Ba6 11.e5 Nd5 12.Bd2 Qc7 13.Re1 Bxc4 14.dxc4 Nb6 15.e6 Bxb2
16.exf7+ Rxf7 17.Ng5 Rf6 18.Rb1 Bd4 19.Be3 e5 20.Ne4 Rf7 21.Bg5 d5 22.Nf6+ Kg7
23.cxd5 cxd5 24.Rxb6 Qxb6 25.Nxd5 Qe6 26.Ne3 Qxa2 27.Ng4 h5 28.Nxe5 Rxf2
29.Be3 Bxe3 30.Qd7+ Rf7+  0-1

[Event "Open"]
[Site "Teplice CZE"]
[Date "2009.06.13"]
[Round "1"]
[White "Velicka,P"]
[Black "Ledvina,J"]
[Result "1-0"]
[WhiteElo "2468"]
[BlackElo "1951"]

1.e4 c5 2.Nf3 Nc6 3.Bb5 d6 4.Bxc6+ bxc6 5.O-O e5 6.c3 Bg4 7.h3 Bxf3 8.Qxf3 Nf6
9.Rd1 Qc7 10.d4 cxd4 11.cxd4 Be7 12.dxe5 dxe5 13.Bg5 O-O 14.Nd2 h6 15.Bh4 Nh7
16.Bg3 Bf6 17.Nc4 Rfd8 18.Qc3 Rxd1+ 19.Rxd1 Re8 20.Qa5 Qb8 21.Rd7 Qb5 22.Qxb5 cxb5
23.Nd6 Re6 24.Nxf7 a6 25.Nd8 Nf8 26.Rd5 Re8 27.Nc6 Ng6 28.Nb4 Re6 29.Rd7 Nf4
30.Kf1 a5 31.Nd5 g5 32.Bxf4 exf4 33.Nxf6+ Rxf6 34.Ke2 Rb6 35.Kd3 Kf8 36.e5 Ke8
37.Rd6 Rxd6+ 38.exd6 Kd7 39.Ke4 Kxd6 40.Kf5 Ke7 41.Kg6 Ke6 42.Kxh6 Kf5 43.Kh5  1-0

[Event "13th FIDE Open"]
[Site "Voronezh RUS"]
[Date "2009.06.13"]
[Round "2"]
[White "Gazarian,Ars"]
[Black "Serdjukov,S"]
[Result "1-0"]
[WhiteElo "2063"]
[BlackElo "2159"]

1.e4 c5 2.Nf3 Nc6 3.Bb5 Qb6 4.Nc3 e6 5.a4 Nge7 6.O-O a6 7.Bc4 Ng6 8.d3 Be7
9.Be3 Qxb2 10.Qd2 Bf6 11.Ne2 Qb4 12.c3 Qa5 13.d4 cxd4 14.cxd4 d6 15.Rfb1 Qxd2
16.Bxd2 h5 17.a5 h4 18.Bc3 Rh5 19.Nd2 Bd8 20.d5 Nce5 21.f4 Nxc4 22.Nxc4 exd5
23.Nxd6+ Kf8 24.f5 Ne7 25.Nf4 Rh6 26.f6 gxf6 27.Nxd5 Nxd5 28.exd5 Be7 29.Bb4 Rh5
30.Nc4 Bd7 31.Bxe7+ Kxe7 32.Rxb7 Rd8 33.Re1+ Kf8 34.Nb6 Bb5 35.Ree7 Rh7 36.Kf2 Rg7
37.Re4 Rh7 38.Ke3 f5 39.Ree7 Bf1 40.Kf2 Bd3 41.Rbd7 Rb8 42.d6 Be4 43.Re5 Rh6
44.Ree7 Rf6 45.g3 hxg3+ 46.hxg3 Re8 47.Ra7 Rxe7 48.dxe7+ Ke8 49.Rxa6 Re6
50.Ra7 Rc6 51.Ke3 Rc3+ 52.Kd4 Rxg3 53.Nc4 Rg6 54.Ke5 Re6+ 55.Kd4 f4 56.Rc7 f3
57.Kc5 f2 58.Nd6+ Rxd6 59.Kxd6 Bf5 60.Rb7  1-0

[Event "13th FIDE Open"]
[Site "Voronezh RUS"]
[Date "2009.06.13"]
[Round "2"]
[White "Dulenko,M"]
[Black "Peschansky,M"]
[Result "0-1"]
[WhiteElo "2112"]
[BlackElo "2269"]

1.e4 c5 2.Nf3 Nc6 3.Bb5 e6 4.c3 d5 5.exd5 Qxd5 6.O-O Bd7 7.Na3 a6 8.Be2 Nf6
9.Nc4 Rd8 10.d4 cxd4 11.cxd4 Bc8 12.Be3 Be7 13.Nfe5 Nxd4 14.f4 O-O 15.Kh1 Bc5
16.b4 Bxb4 17.Qb1 Bc3 18.Rd1 Nxe2 19.Rxd5 exd5 20.Nb6 d4 21.Bc1 d3 22.Be3 d2
23.Bxd2 Rxd2 24.Nxc8 Rxc8 25.Qxb7 Rf8 26.Rf1 Nd5 27.Nf3 Rd3 28.Qxa6 Nexf4
29.g3 Nb4 30.Qc4 Nfd5 31.a3 Ne3 32.Qe4 Nxf1 33.axb4 Rd1 34.Kg2 Rfd8 35.b5  0-1

[Event "13th Open"]
[Site "Voronezh RUS"]
[Date "2009.06.14"]
[Round "3"]
[White "Sergienko,S"]
[Black "Novikov,St1"]
[Result "1/2-1/2"]
[WhiteElo "2411"]
[BlackElo "2540"]

1.e4 c5 2.Nf3 Nc6 3.Bb5 e6 4.O-O Nge7 5.Re1 a6 6.Bxc6 Nxc6 7.d4 cxd4 8.Nxd4 d6
9.Nc3 Be7 10.Nxc6 bxc6 11.Qg4 Kf8 12.b3 e5 13.Qg3 Be6 14.Na4 h5 15.c4 h4
16.Qe3 h3 17.g3 Kg8 18.Bb2 f6 19.Rad1 Qc7 20.f4 Rd8 21.c5 exf4 22.Qxf4 Rh5
23.Ba3 Re5 24.Bb2 Rg5 25.Ba3 Re5 26.Bb2 Rg5 27.Ba3  1/2-1/2

[Event "XXVII Open A"]
[Site "Balatonlelle HUN"]
[Date "2009.06.15"]
[Round "3"]
[White "Lorand,N"]
[Black "Nagy,Ga1"]
[Result "1-0"]
[WhiteElo "2314"]
[BlackElo "2210"]

1.e4 c5 2.Nf3 Nc6 3.Bb5 g6 4.Bxc6 dxc6 5.d3 Bg7 6.h3 Nf6 7.Nc3 Nd7 8.Be3 e5
9.Qd2 h6 10.Ne2 Qe7 11.c3 f5 12.g3 c4 13.O-O-O Qf7 14.exf5 cxd3 15.Qxd3 gxf5
16.Nh4 O-O 17.Kb1 Nb6 18.Ka1 Be6 19.Nc1 Nd5 20.Bd2 Rad8 21.Qc2 b5 22.g4 fxg4
23.hxg4 Qxf2 24.Ng6 Rf6 25.Qe4 Nb6 26.Ne7+ Kf7 27.Be3 Rxd1 28.Bxf2 Rxh1 29.Qxh1 Rxf2
30.Nxc6 Bxg4 31.Qg1 Rc2 32.Nb4 Rxc1+ 33.Qxc1 h5 34.Qf1+ Kg6 35.Nc6 Bf6 36.Qxb5 Nd7
37.Qd3+ Kg5 38.Nb4 h4 39.Nd5 h3 40.Qe3+ Kf5 41.Qxa7 Ke4 42.Nxf6+ Nxf6 43.Qf2 Nd5
44.a4 Nf4 45.a5 Nd3 46.Qg3 Bc8 47.b4  1-0

[Event "XLIV Capablanca Memorial Open"]
[Site "Havana CUB"]
[Date "2009.06.15"]
[Round "7"]
[White "Quesada Perez,Y"]
[Black "Ordunez,E"]
[Result "1-0"]
[WhiteElo "2402"]
[BlackElo "2270"]

1.e4 c5 2.Nf3 Nc6 3.Bb5 g6 4.O-O Bg7 5.Re1 e5 6.Bxc6 dxc6 7.d3 Bg4 8.Nbd2 Nf6
9.Nc4 Bxf3 10.Qxf3 Qe7 11.a4 b6 12.Qe2 Nh5 13.Be3 O-O 14.a5 b5 15.Nd2 Nf4
16.Bxf4 exf4 17.Rab1 Be5 18.g3 Rad8 19.Nf3 f6 20.c3 Qc7 21.Red1 fxg3 22.hxg3 Qxa5
23.d4 cxd4 24.cxd4 Bd6 25.Qc2 Qb6 26.Rbc1 Rfe8 27.Kg2 Bf8 28.Qb3+ Kg7 29.e5 Be7
30.Rh1 f5 31.Rxh7+  1-0

[Event "Open"]
[Site "Teplice CZE"]
[Date "2009.06.15"]
[Round "3"]
[White "Balin,J"]
[Black "Vokac,M"]
[Result "1-0"]
[WhiteElo "2287"]
[BlackElo "2459"]

1.Nf3 c5 2.e4 Nc6 3.Bb5 g6 4.O-O Bg7 5.Bxc6 bxc6 6.d3 d6 7.Nbd2 f6 8.d4 cxd4
9.Nxd4 Bd7 10.Re1 Nh6 11.Qe2 Nf7 12.c4 O-O 13.Nf1 Rb8 14.Rd1 Qb6 15.Nb3 c5
16.Ne3 Ba4 17.Nd5 Qb7 18.Rd3 Rfe8 19.Rh3 Bd7 20.Rg3 e6 21.Nc3 Qa6 22.Nb1 f5
23.Na3 Bc6 24.h4 Bxe4 25.h5 Nh8 26.Nb5 Qb6 27.hxg6 hxg6 28.f3 Ba8 29.Bd2 Rb7
30.Rd1 Rd7 31.Bc3 Bxc3 32.Nxc3 a6 33.Qe3 Ree7 34.Kf2 e5 35.Qg5 Rg7 36.Qf6 Qd8
37.Qxd8+ Rxd8 38.Nxc5 Re7 39.Nxa6 Kg7 40.Nb4 Nf7 41.Ncd5 Ra7 42.a3 Bb7 43.Ne7 Bxf3
44.Rxg6+ Kf8 45.gxf3 Rxe7 46.Nc6 Rc8 47.Nxe7 Kxe7 48.b3 Rh8 49.Rd5 Rh2+ 50.Kg3 Re2
51.Rb5 f4+ 52.Kh3 Nd8 53.c5 dxc5 54.Rxc5 Ne6 55.Rc6 Nd8 56.Rc7+ Kf8 57.Rd6 Nf7
58.Rf6  1-0

[Event "13th FIDE Open"]
[Site "Voronezh RUS"]
[Date "2009.06.15"]
[Round "4"]
[White "Gazarian,Ars"]
[Black "Manukovsky,V"]
[Result "1-0"]
[WhiteElo "2063"]
[BlackElo "2227"]

1.e4 c5 2.Nf3 Nc6 3.Bb5 Na5 4.O-O a6 5.Be2 d6 6.b4 cxb4 7.c3 Nf6 8.cxb4 Nc6
9.Nc3 g6 10.d4 Bg7 11.d5 Nb8 12.Be3 O-O 13.Nd4 Nbd7 14.f4 Nb6 15.a4 Bd7 16.a5 Rc8
17.Qb3 Nc4  1-0